Doing multicultural education for achievement and equity

Salvato in:
Dettagli Bibliografici
Autore principale: Grant, Carl . A.
Natura: Libro
Lingua:inglese
Pubblicazione: Routledge. 2006.
Tags: Aggiungi Tag
Nessun Tag, puoi essere il primo ad aggiungerne!!

MARC

LEADER 00000nam a22000007a 4500
008 211102b ||||| |||| 00| 0 eng d
020 |a 0415951844 
100 |a Grant, Carl . A. 
245 |a Doing multicultural education for achievement and equity  |c Carl. A.Grant and Christine E. Sleeter  |g xi, 267 p. : ill. 
260 |b Routledge.  |c 2006.  |d Book.  |h New York.  |i 656884  |l LC1099.3.G76  |m Multicultural education--United States.  |m Educational equalization--United States.  |m Student teachers--Training of--United States. 
500 |a Includes bibliographical references (p. 247-257) and index. 
942 |a lcc  |c BK  |e Olagoke, M.A.  |f 02/11/2021. 
952 |0 0  |1 0  |2 lcc  |4 0  |7 0  |9 3820  |a HOL  |b HOL  |c LP  |d 2021-11-02  |o LC1099.3.G76.  |r 2021-11-02 00:00:00  |t 656884  |w 2021-11-02  |y BK 
999 |c 1910  |d 1910